00395nam a2200109 4500020001500000050001500015110003800030245009600068260006300164300001900227650003900246 a1933107529 aRT41b.P69 aAssessment Technologies Institute aRegistered nurse adult medical-surgical review modulecby Assessment Technologies Institute aOverland Park, KSbAssessment Technologies Institutec2006 axi, 1216 pages aNursing -- Examination questions.